American military history / (Record no. 6109)
[ view plain ]
| 000 -LEADER | |
|---|---|
| fixed length control field | 00859cam a2200265 a 4500 |
| 001 - CONTROL NUMBER | |
| JCCL Control Number | 6109 |
| 003 - CONTROL NUMBER IDENTIFIER | |
| JCCL marc code | BD-JhCC |
| 005 - DATE AND TIME OF LATEST TRANSACTION | |
| control field | 20180417175146.0 |
| 008 - FIXED-LENGTH DATA ELEMENTS--GENERAL INFORMATION | |
| fixed length control field | 020607s1969 dcu | |||| ||eng| |
| 035 ## - SYSTEM CONTROL NUMBER | |
| system control number | (BD-JhCC)6109 |
| 035 ## - SYSTEM CONTROL NUMBER | |
| system control number | 1457625 |
| 040 ## - CATALOGING SOURCE | |
| Original cataloging agency | BD-JhCC |
| Modifying agency | BD-JhCC |
| 041 ## - LANGUAGE CODE | |
| Language code of Book | eng |
| 082 ## - DEWEY DECIMAL CLASSIFICATION NUMBER | |
| Classification number | 355.00973 |
| Author mark and Year | AME 1969 |
| 245 00 - TITLE STATEMENT | |
| Title | American military history / |
| Statement of responsibility, etc | M. Matloff, general editor. |
| 260 ## - PUBLICATION, DISTRIBUTION, ETC. (IMPRINT) | |
| Place of publication, distribution, etc | Washington : |
| Name of publisher, distributor, etc | Office of the Chief of Military History, U.S Army, |
| Date of publication, distribution, etc | 1969. |
| 300 ## - PHYSICAL DESCRIPTION | |
| Pagination | xvi, 701p ; |
| Dimensions | 26cm. |
| 490 1# - SERIES STATEMENT | |
| Series statement | Army historical series |
| 500 ## - GENERAL NOTE | |
| General note | Replaces earlier publications issued by the U.S. Dept. of the Army under the same title. |
| 504 ## - BIBLIOGRAPHY, ETC. NOTE | |
| Bibliography, etc | Bibliography: p. [639]-669. |
| 651 #0 - SUBJECT ADDED ENTRY--GEOGRAPHIC NAME | |
| Geographic name | United States |
| General subdivision | History, Military. |
| 700 1# - ADDED ENTRY--PERSONAL NAME | |
| Personal name | Matloff, Maurice, |
| Dates associated with a name | 1915-1993. |
| 830 #0 - SERIES ADDED ENTRY--UNIFORM TITLE | |
| Uniform title | Army historical series. |
| 942 ## - ADDED ENTRY ELEMENTS (KOHA) | |
| Source of classification or shelving scheme | Dewey Decimal Classification |
| Koha item type | Books |
| Source of classification or shelving scheme | Damaged status | Not for loan | Home library | Current library | Shelving location | Date of accession | Total Checkouts | Full call number | Barcode | Date last seen | Copy number | Koha item type |
|---|---|---|---|---|---|---|---|---|---|---|---|---|
| Dewey Decimal Classification | JCC Rouf Library | JCC Rouf Library | General Stacks | 01/01/2018 | 355.00973 AME 1969 | 8461 | 01/01/2018 | C-1 | Books |